书目信息 |
| 题名: |
工程CAD基础与应用
|
|
| 作者: | 于奕峰 , 杨松林 主编 | |
| 分册: | ||
| 出版信息: | 北京 化学工业出版社 2017 |
|
| 页数: | 275页 | |
| 开本: | 26cm | |
| 丛书名: | ||
| 单 册: | ||
| 中图分类: | TB237 | |
| 科图分类: | ||
| 主题词: | 工程制图--gong cheng zhi tu--AutoCAD软件--高等学校--教材 | |
| 电子资源: | ||
| ISBN: | 978-7-122-30215-1 | |
| 000 | 01095nam0 2200289 450 | |
| 001 | 012001003845 | |
| 005 | 20191210111039.50 | |
| 010 | @a978-7-122-30215-1@dCNY39.00 | |
| 099 | @aCAL 012017134337 | |
| 100 | @a20170920d2017 em y0chiy50 ea | |
| 101 | 0 | @achi |
| 102 | @aCN@b110000 | |
| 105 | @aak a 000yy | |
| 106 | @ar | |
| 200 | 1 | @a工程CAD基础与应用@Agong cheng CAD ji chu yu ying yong@f于奕峰, 杨松林主编 |
| 205 | @a第2版 | |
| 210 | @a北京@c化学工业出版社@d2017 | |
| 215 | @a275页@c图@d26cm | |
| 300 | @a普通高等教育“十三五”规划教材 | |
| 320 | @a有书目 (第275页) | |
| 330 | @a本书共分18章及附录。第1章工程CAD绪论;第2章CAD文件操作;第3章简单图形绘制;第4章图形环境设置;第5章图形编辑;第6章精确绘图;第7章复杂绘图;第8章尺寸标注及设置;第9章图形输入输出与工程训练;第10章工程CAD制图有关国家标准简介;第11章二维参数化编程绘图。 | |
| 606 | 0 | @a工程制图@Agong cheng zhi tu@xAutoCAD软件@x高等学校@j教材 |
| 690 | @aTB237@v4 | |
| 701 | 0 | @a于奕峰@Ayu yi feng@4主编 |
| 701 | 0 | @a杨松林@Ayang song lin@4主编 |
| 801 | 2 | @aCN@b上海新华@c20191020 |
| 905 | @b1206855-8@dTB237@e212=2@f4 | |
| 工程CAD基础与应用/于奕峰, 杨松林主编.-第2版.-北京:化学工业出版社,2017 |
| 275页:图;26cm |
| 普通高等教育“十三五”规划教材 |
| ISBN 978-7-122-30215-1:CNY39.00 |
| 本书共分18章及附录。第1章工程CAD绪论;第2章CAD文件操作;第3章简单图形绘制;第4章图形环境设置;第5章图形编辑;第6章精确绘图;第7章复杂绘图;第8章尺寸标注及设置;第9章图形输入输出与工程训练;第10章工程CAD制图有关国家标准简介;第11章二维参数化编程绘图。 |
| ● |
| 相关链接 |
|
|
|
|
正题名:工程CAD基础与应用
索取号:TB237/212=2
 
预约/预借
| 序号 | 登录号 | 条形码 | 馆藏地/架位号 | 状态 | 备注 |
| 1 | 1206855 | 212068554 | 第二样本阅览室/ [索取号:TB237/212=2] | 在馆 | |
| 2 | 1206856 | 212068563 | 第三借阅区/ [索取号:TB237/212=2] | 在馆 | |
| 3 | 1206857 | 212068572 | 第三借阅区/ [索取号:TB237/212=2] | 在馆 | |
| 4 | 1206858 | 212068581 | 第三借阅区/ [索取号:TB237/212=2] | 在馆 |